000 00491nam a2200205Ia 4500
008 210210b2012 xxu||||| |||| 00| 0 eng d
020 _a9788131605547
041 _aeng
082 _a820.09 BANC
100 _aBANDE (Usha)
245 _aCulture, nature and literature
260 _aJaipur
_bRawat Publications
_c2012
300 _a220
650 _anature
650 _aliterature
650 _aCulture,
650 _aand
690 _aIndian English Criticism
906 _a068492
999 _c152796
_d152796